Statistics for Books by Letter B

Click here to take the quiz!

General Stats

  • This quiz has been taken 39 times
  • The average score is 8 of 15

Answer Stats

HintBook% Correct
William Wallace is a Scottish rebel who leads an uprising against the cruel English ruler Edward the Longshanks.Braveheart
86%
Unexpectedly, two men form an intense emotional and sexual attachment, but have to part ways at the end of the summer.Brokeback Mountain
86%
A hero of the Geats, comes to the aid of Hrothgar, the king of the Danes, whose mead hall in Heorot has been under attack by a monster known as Grendel.Beowulf
83%
The story is narrated in the first person as an autobiographical memoir told by the titular horse.Black Beauty
80%
A child called Sophie befriends a giant who visits her when she is sleeping.The BFG
80%
A contemporary writer recalls his early days in New York City, when he makes the acquaintance of his remarkable neighbor, Holly Golightly.Breakfast at Tiffany's
77%
Written in the form of a personal diary, the novel chronicles a year in the life of a thirty-something single working woman living in London.Bridget Jones's Diary
71%
Fourth and final novel in The Twilight Saga by American author Stephenie Meyer.Breaking Dawn
69%
This novel anticipates huge scientific advancements in reproductive technology, sleep-learning, psychological manipulation and classical conditioning.Brave New World
54%
Narrated by Death, who over the course of the book proves to be a morose yet caring character, the plot follows Liesel Meminger as she comes of age in Nazi Germany during WWII.The Book Thief
37%
A controversial WW2 Holocaust novel about the friendship between Shmuel and Bruno.The Boy in the Striped Pyjamas
37%
Faulks developed the novel to bring more public awareness to the experience of war remembered by WWI veterans.Birdsong
26%
The novel tells the story of fifth grader Jesse Aarons, who becomes friends with his new neighbor, Leslie Burke, after he loses a footrace to her at school.Bridge to Terabithia
17%
The first novel of the children's novel series A Series of Unfortunate Events by Lemony Snicket.The Bad Beginning
17%
Esther Greenwood, a young woman from the suburbs of Boston, gains a summer internship at a prominent magazine in New York City.The Bell Jar
14%

Score Distribution

Percentile by Number Answered

Percent of People with Each Score

Your Score History

You have not taken this quiz